000 00860nam a2200253 a 4500
001 52611
003 BD-RjUL
005 20211209075832.0
008 160924m19301950enk 001 0 eng d
035 _a(BD-RjUL)52731
040 _aOKU
_cOKU
_beng
_dBD-RjUL
041 _aeng
082 _223
_a370.15
_bISI 1950
100 1 _aIsaacs, Susan
_d1885-1948.
_9157352
245 1 0 _aIntellectual growth in young children /
_cby Susan Isaacs ; with an appendix on children's "why" questions by Nathan Iaacs
260 _aLondon :
_bRoutledge,
_c1930, [six impression 1950]
300 _axi, 370 p. ;
_c23 cm
490 1 _aThe behaviour of young children ;
_v1
500 _aIncludes index
650 0 _aEducational psychology
_9157353
700 1 _aIsaacs, Nathan,
_d1895-1966.
_9157354
830 4 _aThe behaviour of young children ;
_v1
_9157355
942 _2ddc
_cBK
999 _c52611
_d52611